000 00385nam a2200133Ia 4500
003 GCL
008 140319s9999 xx 000 0 ara d
040 _aGCL /
_cGCL
082 0 4 _a641.1
_bع م
245 1 0 _aالمواصفات الصحية للاغذية بالكويت
260 _a[S.N] :
_bمؤسسة الكويت للتقدم العلمى ،
_c1984
300 _a741 ص
490 _a
999 _c59147
_d59147